LEADER 01320nam a2200289 a 4500 001 000000129049 003 CaOOAMICUS 005 20120523170145.0 008 120523s2012 it u000 u ita r 020 $a978-88-7016-879-2 040 $aPUL$bita 082 04$a231.3 100 1 $aModa, Aldo.$0(OLS)http://pul/name/5752 245 13$aLo Spirito Santo :$balcune piste di riflessione nella teologia sistematica cattolica a partire dal Vaticano II /$cAldo Moda. 260 $aTorino :$bClaudiana,$c2012. 300 $a112 p. ;$c21 cm 490 1 $aPiccola biblioteca teologica ;$v107 504 $aBibliografia in nota. 650 4$aSpiritus Sanctus$xStudi.$0(OLS)http://pul/subject/38703 830 0$aPiccola biblioteca teologica (Claudiana) ;$v107.$0(OLS)http://pul/title/31784 850 $aPUL 852 $aPUL$W1$xSL Religione 3$y85$m231. 3 MODAL 1$j149428$qDDC 21$B147964$CPULBib$Z2$F147964 $H119853 $82 996 $6020$a978-88-7016-879-2$9(OLS)http://pul/number/149807 996 $6082$a231.3$9(OLS)http://pul/classification/2274 996 $6245$aLo Spirito Santo :$balcune piste di riflessione nella teologia sistematica cattolica a partire dal Vaticano II$9(OLS)http://pul/title/163060 996 $6260$aTorino :$bClaudiana$9(OLS)http://pul/publisher/48072 LEADER 01266nam a2200289 u 4500 001 000000076730 003 CaOOAMICUS 005 20070226123237.0 008 031217s2002 it u000 u ita u 020 $a8801023731 035 $a10979706 040 $aPUL$bita 100 1 $aPrete, Benedetto,$cO.P.$0(OLS)http://pul/name/23090 245 10$aNuovi studi sull'opera di Luca :$bcontenuti e prospettive /$cBenedetto Prete. 260 $aLeumann :$bElledici,$cc2002. 300 $a416 p. ;$c24 cm 490 1 $aPercorsi e traguardi biblici 504 $aBibliografia in nota. 630 04$aBiblia.$pN.T.$pLucas$xCritica e interpretazione.$0(OLS)http://pul/subject/37900 630 04$aBiblia.$pN.T.$pActus apostolorum.$xCritica e interpretazione.$0(OLS)http://pul/subject/1725 830 0$aPercorsi e traguardi biblici.$0(OLS)http://pul/title/100603 850 $aPUL 852 $aPUL$W1$xSL Religione 1$y3$m9 B 85$j98549$nBK-PRI$b $qStampati$B98549$CPULBib$Z2$F98549 $HPUL91013 $81 941 1 $a8 996 $6020$a8801023731$9(OLS)http://pul/number/100530 996 $6245$aNuovi studi sull'opera di Luca :$bcontenuti e prospettive$9(OLS)http://pul/title/100602 996 $6260$aLeumann :$bElledici$9(OLS)http://pul/publisher/74846